000 00524nam a2200181Ia 4500
008 090123s9999 xx 000 0 und d
082 _b36903
100 _aगाडगीळ सुनंदा
245 _aहिंदोळा
250 _a1
260 _bमेहता प्रकाशन
_c2004
300 _a53
600 _aगाडगीळ सुनंदा
630 _aहिंदोळा
700 _aगाडगीळ सुनंदा
730 _aहिंदोळा
942 _cBOOK
999 _c74971
_d74971